| 000 | 01584cam a22003737a 4500 | ||
|---|---|---|---|
| 001 | 10311034 | ||
| 003 | OSt | ||
| 005 | 20150408114204.0 | ||
| 006 | m d | ||
| 007 | cr n | ||
| 008 | 121005s2013 nyua sb 001 0 eng d | ||
| 020 | _a9781461454762 (alk. paper) | ||
| 020 | _a146145476X (alk. paper) | ||
| 020 | _z9781461454779 (ebk.) | ||
| 035 | _a(WaSeSS)ssj0000870727 | ||
| 040 |
_aIND _cIND _dYDXCP _dIXA _dDLC _dWaSeSS |
||
| 050 | 4 |
_aQA871 _b.H74 2013 |
|
| 082 |
_223 _a515.35 _bHMI |
||
| 100 | 1 |
_aHolmes, Mark H. _942218 |
|
| 210 | 1 | 0 | _aIntroduction to perturbation methods |
| 245 | 1 | 0 |
_aIntroduction to perturbation methods _h[electronic resource] / _cMark H. Holmes. |
| 250 | _a2nd ed. | ||
| 260 |
_aNew York : _bSpringer, _cc2013. |
||
| 490 | 1 |
_aTexts in applied mathematics, _x0939-2475 ; _v20 |
|
| 504 | _aIncludes bibliographical references (p. 421-432) and index. | ||
| 505 | 0 | 0 |
_tIntroduction to Asymptotic Approximations -- _tMatched Asymptotic Expansions -- _tMultiple Scales -- _tThe WKB and Related Methods -- _tThe Method of Homogenization -- _tIntroduction to Bifurcation and Stability. |
| 506 | _aLicense restrictions may limit access. | ||
| 650 | 0 |
_aPerturbation (Mathematics) _98858 |
|
| 773 | 0 | _tSpringerLink ebooks - Mathematics and Statistics (2013) | |
| 830 | 0 |
_aTexts in applied mathematics ; _v20. _942219 |
|
| 856 | 4 | 0 |
_uhttp://www.columbia.edu/cgi-bin/cul/resolve?clio10311034 _zFull text available from SpringerLink ebooks - Mathematics and Statistics (2013) |
| 910 | _aLibrary of Congress record | ||
| 942 |
_2ddc _cDVD |
||
| 999 |
_c33198 _d267698 |
||